00810cam a22002411 450000100060000000300080000600500170001400800410003103500190007204000420009104100080013308200220014110000360016324500490019926000420024830000450029050000180033550400270035360000350038094200120041599900170042795201240044423604BD-RjUL20211209000941.0140311s1966 enkac b 000 0beng d a(BD-RjUL)23669 aDLCcTxU-DadOCoLCdDLCdBD-RjULbeng aeng00a730.924bSPL 19661 aSpeaight, Robert,d1904-97266414aThe life of Eric Gill /cby Robert Speaight aLondon :bMethuen & co. Ltd.,c[1966] axvii, 323 p. :billus., ports. ;c24 cm. aInclude index aBibliography: p. [308]10aGill, Eric,d1882-1940.974776 2ddccBK c23604d23604 00102ddc40728NFICaRUCLbRUCLd1967-01-18eEuro Parkl0o730.924 SPL 1966r2014-03-11 00:00:00tC-1w2021-12-09yBK